Sports Quiz

Random Sports Quiz

West of Scotland Junior Super Premier Teams Quiz Stats

 Plays Quiz not verified by Sporcle

Challenge
Share
Tweet
Embed
Score 0/27 Timer 04:00
0 Plays Today
Seasons % Correct
2002/03 - presentAuchinleck Talbot
73.2%
2002/03 - presentPollok
73.2%
2003/04 - presentArthurlie
71.4%
2002/03, 2007/08 - presentIrvine Meadow
67.9%
2006/07 - presentPetershill
66.1%
2002/03 - 2008/09, 2010/11 - presentCumnock
64.3%
2007/08 - presentBeith
60.7%
2002/03 - 2004/05Kilwinning Rangers
53.6%
2009/10 - presentLargs Thistle
51.8%
2002/03Benburb
46.4%
2002/03 - 2003/04, 2009/10 - presentKilbirnie Ladeside
46.4%
2008/09 - presentKirkintilloch Rob Roy
41.1%
2010/11Rutherglen Glencairn
41.1%
2011/12 - presentClydebank
41.1%
Seasons % Correct
2002/03 - 2008/09Glenafton Athletic
39.3%
2002/03 - 2006/07Maryhill
39.3%
2005/06 - 2007/08Shotts Bon Accord
33.9%
2002/03 - 2003/04, 2006/07 - 2008/09Neilston
32.1%
2004/05 - 2006/07Renfrew
32.1%
2003/04 - 2004/05Troon
32.1%
2002/03 - 2005/06Johnstone Burgh
30.4%
2005/06 - 2007/08Kilsyth Rangers
25%
2004/05 - 2009/10Bellshill Athletic
19.6%
2011/12 - presentAshfield
19.6%
2009/10 - 2010/11Lanark United
17.9%
2008/09 - 2009/10Vale of Clyde
17.9%
2002/03 - 2005/06Larkhall Thistle
14.3%

You're not logged in!

Compare scores with friends on all Sporcle quizzes.
Join for Free
OR
Log In

You Might Also Like...

Show Comments

Extras

Created Apr 22, 2011ReportNominate
Tags:Scottish Football

Top Quizzes Today


Score Distribution

Your Account Isn't Verified!

In order to create a playlist on Sporcle, you need to verify the email address you used during registration. Go to your Sporcle Settings to finish the process.

Report this User

Report this user for behavior that violates our Community Guidelines.

Details: